[Event "POL-chT U20"]
[Site "Lublin"]
[Date "2021.07.04"]
[Round "9.2"]
[White "Warchol, Bartosz"]
[Black "Niedbala, Bartlomiej"]
[Result "0-1"]
[WhiteElo "1965"]
[BlackElo "2360"]
[PlyCount "60"]
[EventDate "2021.06.26"]
[EventType "team-tourn"]
[EventRounds "9"]
[EventCountry "POL"]
[SourceTitle "CBM 203 Extra"]
[Source "ChessBase"]
[SourceDate "2021.09.30"]
[SourceVersion "1"]
[SourceVersionDate "2021.09.30"]
[SourceQuality "1"]
[WhiteTeam "Krakow KKSz"]
[BlackTeam "Jastrzebie Zdroj Pionier"]
[WhiteTeamCountry "POL"]
[BlackTeamCountry "POL"]

1. c4 Nf6 2. Nc3 c5 3. g3 e6 4. Bg2 d5 5. cxd5 exd5 6. d4 cxd4 7. Qxd4 Nc6 8. Qd1 d4 9. Ne4 Bf5 10. Nxf6+ Qxf6 11. Nf3 Bc5 12. 0-0 0-0 13. Bf4 Rfe8 14. Rc1 Bb6 15. Re1 h6 16. h4 Rad8 17. b3 Ba5 18. Bd2 Bc3 19. Kh2 Nb4 20. a3 Na2 21. Rc2 Bxc2 22. Qxc2 Bxd2 23. Qxd2 Nc3 24. Qd3 Qa6 25. a4 Rxe2 26. Qxa6 bxa6 27. Rxe2 Nxe2 28. Bf1 d3 29. Nd2 Nc1 30. Kg2 Rb8 0-1

[Event "Poronin Tatra Limba op"]
[Site "Poronin"]
[Date "2021.05.26"]
[Round "6"]
[White "Warchol, Bartosz"]
[Black "Praczukowski, Stanislaw"]
[Result "1-0"]
[WhiteElo "1888"]
[BlackElo "2197"]
[PlyCount "39"]
[EventDate "2021.05.22"]
[EventType "swiss"]
[EventRounds "9"]
[EventCountry "POL"]
[SourceTitle "EXT 2022"]
[Source "ChessBase"]
[SourceDate "2021.10.06"]
[SourceVersion "1"]
[SourceVersionDate "2021.10.06"]
[SourceQuality "1"]

1. d4 Nf6 2. c4 e6 3. Nf3 Bb4+ 4. Nbd2 0-0 5. a3 Be7 6. g3 d6 7. Bg2 e5 8. dxe5 dxe5 9. Nxe5 Bd6 10. Ndf3 Qe7 11. Nd3 Re8 12. b4 Qe4 13. c5 Bf8 14. Bb2 Bg4 15. 0-0 Nc6 16. h3 Bh5 17. g4 Bxg4 18. Nfe5 Qf5 19. hxg4 Nxg4 20. e4 1-0

[Event "Poronin Tatra Limba op"]
[Site "Poronin"]
[Date "2021.05.24"]
[Round "3"]
[White "Neuhoff, Laertes"]
[Black "Warchol, Bartosz"]
[Result "0-1"]
[WhiteElo "1799"]
[BlackElo "1888"]
[PlyCount "62"]
[EventDate "2021.05.22"]
[EventType "swiss"]
[EventRounds "9"]
[EventCountry "POL"]
[SourceTitle "EXT 2022"]
[Source "ChessBase"]
[SourceDate "2021.10.06"]
[SourceVersion "1"]
[SourceVersionDate "2021.10.06"]
[SourceQuality "1"]

1. e4 c5 2. Nf3 d6 3. d4 cxd4 4. Nxd4 Nf6 5. Nc3 a6 6. Bg5 Nbd7 7. Bc4 Qb6 8. Bb3 e6 9. Qd2 h6 10. Be3 Nc5 11. f3 Be7 12. 0-0-0 Qc7 13. Kb1 b5 14. g4 Bb7 15. h4 Nfd7 16. g5 Ne5 17. gxh6 gxh6 18. Bxh6 0-0-0 19. Bg5 Rdg8 20. Rdg1 b4 21. Nce2 Nxf3 22. Nxf3 Nxe4 23. Qe3 Bxg5 24. hxg5 Rxh1 25. Rxh1 Nxg5 26. Rg1 Bxf3 27. Nd4 Qc5 28. Rxg5 Qxg5 29. Qxg5 Rxg5 30. Nxf3 Rg3 31. Ne1 Rg1 0-1

[Event "Poronin Tatra Limba op"]
[Site "Poronin"]
[Date "2021.05.22"]
[Round "1"]
[White "Pniaczek, Marek"]
[Black "Warchol, Bartosz"]
[Result "1-0"]
[WhiteElo "2199"]
[BlackElo "1888"]
[PlyCount "59"]
[EventDate "2021.05.22"]
[EventType "swiss"]
[EventRounds "9"]
[EventCountry "POL"]
[SourceTitle "EXT 2022"]
[Source "ChessBase"]
[SourceDate "2021.10.06"]
[SourceVersion "1"]
[SourceVersionDate "2021.10.06"]
[SourceQuality "1"]

1. e4 c5 2. Nf3 d6 3. Bb5+ Nd7 4. a4 a6 5. Be2 Ngf6 6. Nc3 e6 7. 0-0 Be7 8. d4 cxd4 9. Qxd4 Qc7 10. Rd1 b6 11. Be3 Bb7 12. Nd2 0-0 13. Nc4 d5 14. Nxb6 Nxb6 15. Qxb6 Qxb6 16. Bxb6 dxe4 17. a5 Rac8 18. Ra4 Rc6 19. Rad4 Rfc8 20. Rd7 Nxd7 21. Rxd7 Rb8 22. Rxe7 Kf8 23. Rd7 Ke8 24. Rd4 f5 25. f3 exf3 26. Bxf3 Rcc8 27. Ba7 e5 28. Rb4 Bxf3 29. Rxb8 Rxb8 30. Bxb8 1-0

[Event "POL-ch U18"]
[Site "Szklarska Poreba"]
[Date "2021.03.20"]
[Round "8"]
[White "Warchol, Bartosz"]
[Black "Gardian, Adam"]
[Result "0-1"]
[WhiteElo "2082"]
[BlackElo "1829"]
[PlyCount "72"]
[EventDate "2021.03.13"]
[EventType "swiss"]
[EventRounds "9"]
[EventCountry "POL"]
[SourceTitle "CBM 201 Extra"]
[Source "ChessBase"]
[SourceDate "2021.05.31"]
[SourceVersion "1"]
[SourceVersionDate "2021.05.31"]
[SourceQuality "1"]

1. Nf3 Nf6 2. g3 d5 3. Bg2 c5 4. d4 cxd4 5. Nxd4 e5 6. Nb3 Nc6 7. Bg5 Be6 8. 0-0 Qd7 9. Nc3 Rd8 10. e4 d4 11. Nd5 Be7 12. Bxf6 Bxf6 13. Nc5 Qc8 14. Nxe6 fxe6 15. Qh5+ Kd7 16. Bh3 Kd6 17. f4 Rdf8 18. Rad1 Qe8 19. Nxf6 gxf6 20. Qe2 h5 21. Qc4 h4 22. Kg2 hxg3 23. hxg3 exf4 24. Rf3 Rxh3 25. Rxd4+ Kc7 26. Kxh3 Qh5+ 27. Kg2 Rh8 28. Kf2 Qh2+ 29. Kf1 Qh1+ 30. Ke2 Rh2+ 31. Rf2 f3+ 32. Ke3 Qe1+ 33. Kf4 Qxf2 34. Rd3 Qxc2 35. Qb5 Qc1+ 36. Kxf3 Ne5+ 0-1

[Event "POL-chT 2nd League"]
[Site "Poronin"]
[Date "2020.09.10"]
[Round "6.9"]
[White "Zareba, Radoslaw"]
[Black "Warchol, Bartosz"]
[Result "1-0"]
[WhiteElo "2111"]
[BlackElo "2025"]
[PlyCount "111"]
[EventDate "2020.09.05"]
[EventType "team-swiss"]
[EventRounds "9"]
[EventCountry "POL"]
[SourceTitle "CBM 198 Extra"]
[Source "ChessBase"]
[SourceDate "2020.11.30"]
[SourceVersion "1"]
[SourceVersionDate "2020.11.30"]
[SourceQuality "1"]
[WhiteTeam "Wisznia Mala Bialy Krol II"]
[BlackTeam "Krakow Klub Szachistow"]
[WhiteTeamCountry "POL"]
[BlackTeamCountry "POL"]

1. Nf3 c5 2. g3 d5 3. c4 d4 4. b4 Qc7 5. bxc5 e5 6. d3 Bxc5 7. Bg2 h6 8. 0-0 Nf6 9. Nbd2 0-0 10. Qb3 Re8 11. Ba3 Na6 12. Bxc5 Nxc5 13. Qa3 Bd7 14. Nb3 Nxb3 15. axb3 a6 16. b4 Rad8 17. Qa5 Qd6 18. Nd2 Bc6 19. Bxc6 Qxc6 20. f3 Rc8 21. Rfb1 Nd7 22. b5 axb5 23. Qxb5 Nc5 24. Qxc6 Rxc6 25. Rb5 Ree6 26. Nb3 Nxb3 27. Rxb3 Rb6 28. Rab1 Rxb3 29. Rxb3 b6 30. Rb5 Kf8 31. Kf2 Ke7 32. Rd5 f6 33. f4 Rd6 34. Rb5 Ke6 35. fxe5 fxe5 36. Kf3 Kf5 37. g4+ Kf6 38. h4 Re6 39. Ke4 g6 40. Rd5 Re7 41. Rd6+ Re6 42. Rd7 Rc6 43. Rh7 b5 44. Kd5 Rc8 45. c5 b4 46. c6 Rd8+ 47. Kc5 b3 48. Rb7 e4 49. c7 Rc8 50. Kd6 exd3 51. exd3 h5 52. gxh5 gxh5 53. Rxb3 Kf5 54. Rb4 Kf4 55. Rxd4+ Ke3 56. Rd5 1-0

[Event "POL-chT 2nd League"]
[Site "Poronin"]
[Date "2020.09.07"]
[Round "3.2"]
[White "Warchol, Bartosz"]
[Black "Musial, Tomasz"]
[Result "1-0"]
[WhiteElo "2025"]
[BlackElo "1997"]
[PlyCount "147"]
[EventDate "2020.09.05"]
[EventType "team-swiss"]
[EventRounds "9"]
[EventCountry "POL"]
[SourceTitle "CBM 198 Extra"]
[Source "ChessBase"]
[SourceDate "2020.11.30"]
[SourceVersion "1"]
[SourceVersionDate "2020.11.30"]
[SourceQuality "1"]
[WhiteTeam "Krakow Klub Szachistow"]
[BlackTeam "Chrzanow Olimpijczyk"]
[WhiteTeamCountry "POL"]
[BlackTeamCountry "POL"]

1. d4 e6 2. c4 Nf6 3. Nf3 b6 4. g3 Bb7 5. Bg2 Be7 6. 0-0 0-0 7. Re1 a5 8. Nc3 Ne4 9. Bd2 f5 10. Qc2 Na6 11. a3 Bf6 12. Rad1 Qe7 13. Bf4 Nxc3 14. Qxc3 d6 15. Qc2 e5 16. Be3 g6 17. c5 Bxf3 18. Bxf3 e4 19. cxd6 cxd6 20. Bg2 Qe6 21. Rc1 Rfc8 22. Qa4 Rxc1 23. Rxc1 Rc8 24. Rxc8+ Qxc8 25. Qb3+ d5 26. Qxd5+ Kg7 27. Bf4 Nb8 28. Qa8 Bxd4 29. Qxb8 Qxb8 30. Bxb8 Bxb2 31. Bd6 Kf7 32. e3 Ke6 33. Bc7 Bxa3 34. Bxb6 a4 35. Bf1 Bd6 36. Bc4+ Kf6 37. Bd4+ Ke7 38. f3 exf3 39. Kf2 h5 40. Kxf3 a3 41. Bd5 Kf8 42. Bf6 Ke8 43. Be6 Kf8 44. Ke2 Ke8 45. Kd3 Bc5 46. e4 fxe4+ 47. Kxe4 Bg1 48. h3 Bc5 49. Kf4 Bd6+ 50. Be5 Be7 51. Bg7 Bd6+ 52. Be5 Be7 53. g4 hxg4 54. hxg4 Kf8 55. Bd4 Ke8 56. Bg7 Bd8 57. Ke5 Bg5 58. Bf6 Bd2 59. Kd6 Bb4+ 60. Kc6 Be7 61. Be5 Bb4 62. Bd6 Bd2 63. Bxa3 Bf4 64. Bd6 Bg5 65. Kd5 Bh4 66. Ke4 Bg5 67. Kd5 Bh4 68. Bg8 Kd7 69. Bf7 g5 70. Bf8 Be1 71. Ke4 Bd2 72. Kf5 Bc1 73. Bh6 Bb2 74. Bxg5 1-0

[Event "Krakow op-B 29th"]
[Site "Krakow"]
[Date "2019.01.04"]
[Round "9"]
[White "Hasterok, Mateusz"]
[Black "Warchol, Bartosz"]
[Result "0-1"]
[WhiteElo "1884"]
[BlackElo "1975"]
[PlyCount "72"]
[EventDate "2018.12.27"]
[EventType "swiss"]
[EventRounds "9"]
[EventCountry "POL"]
[SourceTitle "CBM 189 Extra"]
[Source "ChessBase"]
[SourceDate "2019.06.03"]
[SourceVersion "1"]
[SourceVersionDate "2019.06.03"]
[SourceQuality "1"]

1. d4 d5 2. c4 c6 3. Nc3 Nf6 4. Nf3 e6 5. e3 Nbd7 6. Be2 Bd6 7. 0-0 0-0 8. b3 Qe7 9. Bb2 b6 10. Qc2 Bb7 11. Rad1 Rac8 12. e4 dxe4 13. Nxe4 Nxe4 14. Qxe4 Rfd8 15. Rfe1 Nf8 16. Qc2 Ng6 17. Nd2 Ba3 18. Ba1 Bb4 19. Bf3 Nh4 20. Be4 f5 21. g3 fxe4 22. gxh4 Qxh4 23. Re3 c5 24. Nxe4 cxd4 25. Rxd4 Rxd4 26. Bxd4 Rd8 27. Bc3 Qg4+ 28. Kf1 Rd1+ 29. Be1 Rxe1+ 30. Rxe1 Bxe1 31. Nd6 Bf3 32. Kxe1 Qg1+ 33. Kd2 Qg5+ 34. Kd3 Qe5 35. c5 bxc5 36. Qc1 Qxd6+ 0-1

[Event "POL-chT U20"]
[Site "Kudowa Zdroj"]
[Date "2018.07.28"]
[Round "8.20"]
[White "Warchol, Bartosz"]
[Black "Mis, Mieszko"]
[Result "0-1"]
[WhiteElo "1950"]
[BlackElo "2291"]
[PlyCount "84"]
[EventDate "2018.07.21"]
[EventType "team-tourn"]
[EventRounds "9"]
[EventCountry "POL"]
[SourceTitle "CBM 186 Extra"]
[Source "ChessBase"]
[SourceDate "2018.08.24"]
[SourceVersion "1"]
[SourceVersionDate "2018.08.24"]
[SourceQuality "1"]

1. d4 Nf6 2. c4 c5 3. d5 e6 4. Nc3 exd5 5. cxd5 d6 6. e4 g6 7. Bd3 Bg7 8. Nge2 0-0 9. Ng3 Re8 10. 0-0 Na6 11. Re1 Nc7 12. f3 Rb8 13. a4 b6 14. Be3 a6 15. Qd2 b5 16. axb5 axb5 17. Bh6 Bh8 18. h4 Nd7 19. Bg5 Bf6 20. Bxf6 Qxf6 21. Qg5 Qd4+ 22. Qe3 Qxe3+ 23. Rxe3 b4 24. Nd1 Ne5 25. Be2 Nb5 26. f4 Ng4 27. Bxg4 Bxg4 28. Nf2 Bd7 29. e5 Kg7 30. Rae1 c4 31. Re4 Rec8 32. Rc1 Na3 33. bxa3 b3 34. Nd1 c3 35. Nxc3 b2 36. Rb1 Rxc3 37. Ne2 Rc2 38. Kf1 Bf5 39. Rb4 Rxb4 40. axb4 Rxe2 41. Kxe2 Bxb1 42. exd6 Bf5 0-1

[Event "EU Union-ch U14"]
[Site "Kouty nad Desnou"]
[Date "2017.08.22"]
[Round "4"]
[White "Warchol, Bartosz"]
[Black "Malicka, Maria"]
[Result "1/2-1/2"]
[WhiteElo "1866"]
[BlackElo "2116"]
[PlyCount "159"]
[EventDate "2017.08.19"]
[EventType "swiss"]
[EventRounds "9"]
[EventCountry "CZE"]
[SourceTitle "CBM 180 Extra"]
[Source "ChessBase"]
[SourceDate "2017.10.06"]
[SourceVersion "1"]
[SourceVersionDate "2017.10.06"]
[SourceQuality "1"]

1. d4 Nf6 2. c4 e6 3. Nf3 b6 4. a3 Bb7 5. Nc3 d5 6. cxd5 Nxd5 7. Qc2 Be7 8. e4 Nxc3 9. bxc3 Nd7 10. Bd3 c5 11. 0-0 0-0 12. Re1 Rc8 13. Qe2 Qc7 14. a4 Rfd8 15. Be3 e5 16. d5 c4 17. Bc2 Ba6 18. Ng5 h6 19. Nh3 Bc5 20. Bd2 Nf8 21. Kh1 Ng6 22. Qg4 Qd7 23. Qg3 Be7 24. Rf1 Bh4 25. Qe3 Rc7 26. f4 exf4 27. Nxf4 Bg5 28. Qf2 Ne5 29. h4 Be7 30. Rae1 Qg4 31. g3 Bc5 32. Qg2 Nd3 33. Nxd3 cxd3 34. Bd1 Qd7 35. Bf3 Bc4 36. g4 a5 37. g5 hxg5 38. Bxg5 d2 39. Bxd2 Bxf1 40. Rxf1 Qe8 41. Bf4 Bd6 42. Be3 Rb8 43. Bd4 Be5 44. Rg1 f6 45. Bg4 Bxd4 46. cxd4 Rd8 47. Qf3 Rd6 48. Bf5 Re7 49. Bg6 Qd7 50. Bf5 Qe8 51. Bg6 Qd7 52. Rc1 Re8 53. Bxe8 Qxe8 54. Rc4 Qd7 55. Kg2 f5 56. e5 Rxd5 57. Rc8+ Qxc8 58. Qxd5+ Kh7 59. e6 Qc2+ 60. Kf3 Qxa4 61. Qxf5+ Kh6 62. Qg5+ Kh7 63. Qh5+ Kg8 64. Qf7+ Kh7 65. Qf5+ Kh6 66. Qg5+ Kh7 67. Qh5+ Kg8 68. Qf7+ Kh7 69. e7 Qd1+ 70. Ke3 Qe1+ 71. Kd3 Qb1+ 72. Ke2 Qe4+ 73. Kf1 Qd3+ 74. Kg2 Qe2+ 75. Kg3 Qe3+ 76. Kg2 Qe2+ 77. Kg3 Qe3+ 78. Kg2 Qe2+ 79. Kg3 Qe3+ 80. Kg2 1/2-1/2

[Event "POL Olympiad U14"]
[Site "Drzonkow"]
[Date "2017.04.05"]
[Round "5"]
[White "Panek, Bartosz"]
[Black "Warchol, Bartosz"]
[Result "1/2-1/2"]
[WhiteElo "1614"]
[BlackElo "1881"]
[PlyCount "146"]
[EventDate "2017.04.02"]
[EventType "swiss"]
[EventRounds "9"]
[EventCountry "POL"]
[SourceTitle "EXT 2020"]
[Source "ChessBase"]
[SourceDate "2019.10.17"]
[SourceVersion "1"]
[SourceVersionDate "2019.10.17"]
[SourceQuality "1"]

1. e4 e5 2. Nf3 Nc6 3. Bc4 Nf6 4. d4 exd4 5. e5 Ng4 6. 0-0 d6 7. exd6 Qxd6 8. h3 Nf6 9. Ng5 Nd8 10. Qf3 h6 11. Ne4 Nxe4 12. Qxe4+ Be7 13. Rd1 Be6 14. Rxd4 Qc6 15. Bxe6 Qxe6 16. Nc3 Qxe4 17. Rxe4 Ne6 18. Be3 0-0-0 19. a4 a6 20. b4 Bf6 21. Ra3 Nd4 22. Bxd4 Rxd4 23. Rxd4 Bxd4 24. b5 a5 25. Nd5 Re8 26. Kf1 Re5 27. c4 c6 28. Rd3 Bc5 29. bxc6 bxc6 30. Ne3 Re4 31. Ke2 Kc7 32. f3 Re5 33. Kd2 Kb6 34. Rb3+ Bb4+ 35. Kd3 Kc5 36. Kc2 g6 37. Rd3 f5 38. Kb3 f4 39. Ng4 Re2 40. Nxh6 Rxg2 41. Ng4 Rg1 42. Ne5 Kb6 43. Rd4 g5 44. Nf7 Rg3 45. Kc2 Kc5 46. Re4 Rxf3 47. Nxg5 Rc3+ 48. Kb2 Rxc4 49. Ne6+ Kd5 50. Rxf4 Rc3 51. Ng5 Re3 52. Rf3 Re2+ 53. Kb3 c5 54. Rf5+ Kd4 55. Rf4+ Kd3 56. Rf3+ Kd2 57. h4 Re5 58. Rf2+ Ke3 59. Rf3+ Ke2 60. Kc4 Re8 61. h5 Re5 62. Rg3 Kf2 63. Rg4 Re8 64. h6 Bd2 65. Ne4+ Kf3 66. Nf6 Bxh6 67. Nxe8 Kxg4 68. Kxc5 Kf5 69. Nd6+ Ke6 70. Nc4 Bf8+ 71. Kb5 Bb4 72. Nxa5 Bxa5 73. Kxa5 Kd7 1/2-1/2

[Event "POL Olympiad U14"]
[Site "Drzonkow"]
[Date "2017.04.03"]
[Round "2"]
[White "Warchol, Bartosz"]
[Black "Teclaf, Pawel"]
[Result "0-1"]
[WhiteElo "1881"]
[BlackElo "2350"]
[PlyCount "70"]
[EventDate "2017.04.02"]
[EventType "swiss"]
[EventRounds "9"]
[EventCountry "POL"]
[SourceTitle "EXT 2020"]
[Source "ChessBase"]
[SourceDate "2019.10.17"]
[SourceVersion "1"]
[SourceVersionDate "2019.10.17"]
[SourceQuality "1"]

1. e4 c5 2. Nf3 d6 3. Bb5+ Nd7 4. d4 cxd4 5. Qxd4 a6 6. Be2 Ngf6 7. 0-0 e5 8. Qe3 b5 9. c4 b4 10. a3 Bb7 11. axb4 Nxe4 12. Nc3 Nxc3 13. Qxc3 Be7 14. b3 0-0 15. Bb2 Bf6 16. Qc2 a5 17. bxa5 Rxa5 18. Nd2 Rxa1 19. Rxa1 Qb6 20. Bd3 g6 21. Be4 Nc5 22. Ra3 Nxe4 23. Nxe4 Be7 24. Nc3 d5 25. Ra1 d4 26. Nd5 Bxd5 27. cxd5 Qb7 28. Re1 Qxd5 29. Qe2 Bd6 30. Qd3 Rb8 31. h4 Qxb3 32. Qxb3 Rxb3 33. Bc1 Bb4 34. Rf1 f6 35. f3 Kf7 0-1

[Event "Oravska Priehrada op"]
[Site "Oravska Priehrada"]
[Date "2016.08.29"]
[Round "6"]
[White "Bielik, Peter"]
[Black "Warchol, Bartosz"]
[Result "1/2-1/2"]
[WhiteElo "1863"]
[BlackElo "1719"]
[PlyCount "140"]
[EventDate "2016.08.26"]
[EventType "swiss"]
[EventRounds "7"]
[EventCountry "SVK"]
[SourceTitle "CBM 174 Extra"]
[Source "ChessBase"]
[SourceDate "2016.10.10"]
[SourceVersion "1"]
[SourceVersionDate "2016.10.10"]
[SourceQuality "1"]

1. d4 d5 2. c4 c6 3. Nc3 Nf6 4. Nf3 dxc4 5. g3 Bf5 6. Ne5 Nbd7 7. Nxc4 e6 8. Bg2 Be7 9. e4 Bg6 10. 0-0 0-0 11. a3 Nb6 12. Na5 Qd7 13. Be3 Rfd8 14. Qe2 Nc8 15. Rfd1 b5 16. b4 Nb6 17. Rac1 Rac8 18. f3 Ne8 19. e5 Nc7 20. Ne4 Ncd5 21. Bf2 Na4 22. f4 a6 23. Qd2 Rc7 24. Nb3 Ra8 25. Nbc5 Nxc5 26. Nxc5 Bxc5 27. Rxc5 Nb6 28. Rdc1 Nc4 29. Qc3 a5 30. Rxb5 cxb5 31. Bxa8 Ra7 32. Bg2 axb4 33. Qxb4 Ra4 34. Qc5 Nxa3 35. d5 exd5 36. Bxd5 Bf5 37. Qd6 Qxd6 38. exd6 Nc4 39. Bc5 Ra6 40. Bxc4 bxc4 41. Rxc4 f6 42. Rd4 Ra8 43. Bb6 Bd7 44. Re4 Re8 45. Rd4 Kf7 46. Kf2 Kg6 47. Rc4 Rc8 48. Rc7 Rxc7 49. dxc7 Kf5 50. Ba5 Bc8 51. Bb4 g5 52. fxg5 fxg5 53. h3 h5 54. Be7 g4 55. hxg4+ hxg4 56. Bd6 Ke4 57. Bf4 Kd3 58. Ke1 Bd7 59. Kd1 Bc8 60. Kc1 Kc3 61. Be5+ Kc4 62. Kd2 Kd5 63. Bf4 Kd4 64. Kc2 Kc4 65. Kb2 Kb4 66. Bd6+ Kb5 67. Kc3 Kc6 68. Bf4 Kb7 69. Kd4 Bd7 70. Ke5 Kc8 1/2-1/2